000 00262nam a2200109Ia 4500
005 20251222114403.0
008 251222s1900||||xx |||||||||||||| ||spa||
082 _aDVD0010/M19/2002
245 0 _aLos verdugos de la mafia
264 _bLions Gate Films
942 _cDVD
999 _c1730
_d1730